[Event "Chamalieres op"]
[Site "Chamalieres"]
[Date "2009.10.26"]
[Round "3"]
[White "Valente, Alexandre"]
[Black "Brethes, Francois"]
[Result "0-1"]
[WhiteElo "1835"]
[BlackElo "2237"]
[PlyCount "98"]
[EventDate "2009.10.24"]
[EventType "swiss"]
[EventRounds "9"]
[EventCountry "FRA"]
[SourceTitle "EXT 2010"]
[Source "ChessBase"]
[SourceDate "2010.11.25"]
[SourceVersion "1"]
[SourceVersionDate "2010.11.25"]
[SourceQuality "1"]

1. e4 e6 2. d4 d5 3. Nc3 Nf6 4. e5 Nfd7 5. f4 c5 6. Nf3 Nc6 7. Be3 a6 8. Qd2 b5 9. a3 Qa5 10. dxc5 Bxc5 11. Bxc5 Nxc5 12. Nd4 Nxd4 13. Qxd4 Ne4 14. b4 Qc7 15. Nxe4 dxe4 16. Qxe4 Bb7 17. Qe3 Rc8 18. Bd3 Bxg2 19. Rg1 Bd5 20. f5 Qc3+ 21. Kf2 exf5 22. Bxf5 Be6 23. Qxc3 Rxc3 24. Bxe6 fxe6 25. Rxg7 Rf8+ 26. Kg1 Rxc2 27. Rxh7 Rf5 28. Re1 Rff2 29. Rd1 Rfe2 30. Rf1 Rxe5 31. Rh8+ Ke7 32. Rh7+ Kd6 33. Ra7 Rg5+ 34. Kh1 Rc6 35. Rd1+ Rd5 36. Rxd5+ exd5 37. Rh7 Ke5 38. Kg2 d4 39. Rd7 Ke4 40. h4 Ke3 41. Re7+ Kd2 42. h5 d3 43. Rf7 Kc2 44. Rf2+ d2 45. Kg3 Kc1 46. Rxd2 Kxd2 47. Kg4 Kc3 48. Kg5 Kb3 49. h6 Rxh6 0-1

[Event "FRA-ch U12"]
[Site "La Roche sur Yon"]
[Date "2008.04.21"]
[Round "1"]
[White "Caille, Vincent"]
[Black "Valente, Alexandre"]
[Result "0-1"]
[WhiteElo "1580"]
[BlackElo "1910"]
[PlyCount "64"]
[EventDate "2008.04.21"]
[EventType "swiss"]
[EventRounds "9"]
[EventCountry "FRA"]
[SourceTitle "EXT 2010"]
[Source "ChessBase"]
[SourceDate "2010.11.25"]
[SourceVersion "1"]
[SourceVersionDate "2010.11.25"]
[SourceQuality "1"]

1. e4 c5 2. Nf3 d6 3. d4 cxd4 4. Nxd4 Nf6 5. Nc3 a6 6. Bd3 e5 7. Nf3 Be6 8. Bg5 Be7 9. Qd2 0-0 10. 0-0-0 Nbd7 11. Kb1 Qc7 12. Be2 b5 13. Bxf6 Nxf6 14. Ng5 Bc4 15. Bxc4 bxc4 16. Kc1 Rfb8 17. b3 cxb3 18. axb3 Rc8 19. Na4 Rab8 20. Qd3 h6 21. Nf3 Rb4 22. Nb2 Nxe4 23. Rhf1 Nc3 24. Rd2 e4 25. Qe3 exf3 26. gxf3 Bg5 27. f4 Bxf4 28. Qd3 Bxd2+ 29. Kxd2 Ne4+ 30. Ke1 Qxc2 31. Qxc2 Rxc2 32. Nd3 Rxb3 0-1

[Event "FRA-chT2 South 0708"]
[Site "France"]
[Date "2007.12.16"]
[Round "4.7"]
[White "Valente, Alexandre"]
[Black "Alarcon, Eric"]
[Result "0-1"]
[WhiteElo "1770"]
[BlackElo "1959"]
[PlyCount "74"]
[EventDate "2007.10.21"]
[EventType "team"]
[EventRounds "11"]
[EventCountry "FRA"]
[SourceTitle "EXT 2009"]
[Source "ChessBase"]
[SourceDate "2008.11.26"]
[SourceVersion "1"]
[SourceVersionDate "2008.11.26"]
[SourceQuality "1"]
[WhiteTeam "Chamalieres"]
[BlackTeam "Echiquier Bordelais"]
[WhiteTeamCountry "FRA"]
[BlackTeamCountry "FRA"]

1. e4 c5 2. Nf3 Nc6 3. d4 cxd4 4. Nxd4 Nf6 5. Nc3 e5 6. Ndb5 d6 7. Bg5 a6 8. Na3 b5 9. Nd5 Be7 10. Bxf6 Bxf6 11. Be2 0-0 12. 0-0 Bg5 13. c3 Be6 14. Nc2 Rb8 15. Ncb4 Nxb4 16. Nxb4 Qb6 17. Kh1 a5 18. Nd5 Qb7 19. Qd3 Bxd5 20. Qxd5 Qxd5 21. exd5 f5 22. f3 Be3 23. Bd3 g6 24. Rfb1 Rfc8 25. a4 b4 26. cxb4 Rxb4 27. b3 Bd4 28. Ra2 Rc3 29. Bc2 Bc5 30. h3 Rd4 31. Rd1 Rxc2 32. Rxc2 Rxd1+ 33. Kh2 f4 34. g3 fxg3+ 35. Kxg3 Rxd5 36. f4 exf4+ 37. Kxf4 Rd3 0-1

[Event "FRA-ch U10"]
[Site "Le Grand Bornand"]
[Date "2007.04.??"]
[Round "9"]
[White "Paci, Nicolas"]
[Black "Valente, Alexandre"]
[Result "1/2-1/2"]
[WhiteElo "1840"]
[BlackElo "1840"]
[PlyCount "41"]
[EventDate "2007.04.07"]
[EventType "swiss"]
[EventRounds "9"]
[EventCountry "FRA"]
[SourceTitle "CBM 118 Extra"]
[Source "ChessBase"]
[SourceDate "2007.07.04"]
[SourceVersion "1"]
[SourceVersionDate "2007.07.04"]
[SourceQuality "1"]

1. e4 c5 2. Nc3 Nc6 3. g3 e6 4. Bg2 Nge7 5. d3 d5 6. f4 g6 7. e5 a6 8. Be3 d4 9. Ne4 Nd5 10. Bf2 Be7 11. Nf3 b5 12. 0-0 0-0 13. Nfd2 Bb7 14. Nb3 Qb6 15. Qe2 Rfe8 16. Rac1 Rac8 17. c4 bxc4 18. Rxc4 Na5 19. Nxa5 Qxa5 20. a3 Qb5 21. Rfc1 1/2-1/2